=LDR 00000nam 2200000 4500 =001 INLIS000000000044537 =005 20131008110054 =008 ***********************************Eng** =035 ##$$0010-101300000002459 =041 ##$$a Eng =082 ##$$a 350 =090 ##$$a 350 , Wal t =100 ##$$a Waldo, Dwight =245 ##$$a The Enterprice of Public Administration: A Summary View =300 ##$$a 210 hlm , 22 cm =850 ##$$a NBPNMAT =990 ##$$a 0001/BPAP-NTB/20142014 =990 ##$$a 0001/BPAP-NTB/20142014